Sub-contract...issued under the sanction of and approved by the National Federation of Building Trades Employers and the Federation of Associations of Specialists and Sub-contractors (Record no. 86384)

MARC details
000 -LEADER
fixed length control field 00656cam a2200193 4500
001 - CONTROL NUMBER
control field D7392
008 - FIXED-LENGTH DATA ELEMENTS--GENERAL INFORMATION
fixed length control field 090401t1950 xxu||||| |||| 00| 0 eng d
035 ## - SYSTEM CONTROL NUMBER
System control number (Sirsi) u7042
041 ## - LANGUAGE CODE
Language code of text/sound track or separate title eng
050 ## - LIBRARY OF CONGRESS CALL NUMBER
Classification number 692.9
110 ## - MAIN ENTRY--CORPORATE NAME
Corporate name or jurisdiction name as entry element National Federation of Building Trades Employers
9 (RLIN) 1526
245 ## - TITLE STATEMENT
Title Sub-contract...issued under the sanction of and approved by the National Federation of Building Trades Employers and the Federation of Associations of Specialists and Sub-contractors
260 ## - PUBLICATION, DISTRIBUTION, ETC.
Place of publication, distribution, etc. London
Name of publisher, distributor, etc. National Federation of Building Trades E
Date of publication, distribution, etc. 1950
300 ## - PHYSICAL DESCRIPTION
Extent 13p. 33cm
350 ## - PRICE (NR) (BK AM CF MU VM SE) [OBSOLETE]
Price 0
520 ## - SUMMARY, ETC.
Summary, etc. Cover title
942 ## - ADDED ENTRY ELEMENTS (KOHA)
Suppress in OPAC 0
948 ## - LOCAL PROCESSING INFORMATION (OCLC); SERIES PART DESIGNATOR (RLIN)
c (OCLC) 04/03/1997
Holdings
Withdrawn status Lost status Source of classification or shelving scheme Damaged status Not for loan Home library Current library Shelving location Date acquired Total Checkouts Full call number Barcode Date last seen Copy number Price effective from Koha item type
    Other/Generic Classification Scheme     London London Basement 14/09/1999   RESERVE SHELVES 30008674 06/08/2019 1 06/08/2019 Reference material